Nationalité des cycliste 2026 - Statistiques

Statistiques générales
  • Ce quiz a été pris 34 fois
  • Le résultat moyen est 29 sur 40
Statistiques - réponses
Réponse % Correct
France
100%
Belgique
94%
Slovénie
94%
Espagne
91%
Portugal
91%
Mexique
88%
Pays bas
88%
Slovaquie
88%
Irlande
84%
Italie
84%
Russie
84%
Allemagne
81%
Autriche
81%
Colombie
81%
Norvège
81%
Suède
81%
Suisse
81%
Australie
78%
Canada
78%
Croatie
78%
Danemark
75%
Luxembourg
75%
Lettonie
72%
Lituanie
72%
Pologne
72%
République tchèque
72%
Afrique du sud
69%
Chine
69%
Estonie
69%
Nouvelle Zélande
69%
Erythrée
63%
Hongrie
59%
Venezuela
59%
Équateur
53%
Kazakhstan
47%
Monaco
47%
Israel
38%
Uruguay
38%
Royaume unis
25%
État unis
22%
Aucun quiz correspondant
Distribution des résultats
% des personnes avec chaque résultat
Percentile par nombre de réponses
Votre historique - résultats
Vous n’avez pas pris ce quiz